The Yoga Sutra of Patanjali : (Record no. 1848607)

MARC details
000 -LEADER
fixed length control field 00760cam a2200253 i 4500
003 - CONTROL NUMBER IDENTIFIER
control field OSt
005 - DATE AND TIME OF LATEST TRANSACTION
control field 20260428155556.0
008 - FIXED-LENGTH DATA ELEMENTS--GENERAL INFORMATION
fixed length control field 140228s2014 nju b 001 0beng
020 ## - INTERNATIONAL STANDARD BOOK NUMBER
International Standard Book Number 9780691143774
Qualifying information hardback
040 ## - CATALOGING SOURCE
Transcribing agency HDL
041 ## - LANGUAGE CODE
Language code of text/sound track or separate title eng
082 00 - DEWEY DECIMAL CLASSIFICATION NUMBER
Classification number 181.45 Q4
100 1# - MAIN ENTRY--PERSONAL NAME
Personal name White, David Gordon,
9 (RLIN) 1235905
245 10 - TITLE STATEMENT
Title The Yoga Sutra of Patanjali :
Remainder of title a biography /
Statement of responsibility, etc. David Gordon White.
264 #1 - PRODUCTION, PUBLICATION, DISTRIBUTION, MANUFACTURE, AND COPYRIGHT NOTICE
Place of production, publication, distribution, manufacture Princeton :
Name of producer, publisher, distributor, manufacturer Princeton University Press,
Date of production, publication, distribution, manufacture, or copyright notice 2014.
300 ## - PHYSICAL DESCRIPTION
Extent xvii, 273 pages
490 0# - SERIES STATEMENT
Series statement Lives of Great Religious Books
600 00 - SUBJECT ADDED ENTRY--PERSONAL NAME
Personal name Patañjali.
Title of a work Yogasūtra.
9 (RLIN) 1235906
650 #0 - SUBJECT ADDED ENTRY--TOPICAL TERM
Topical term or geographic name entry element Yoga
General subdivision Historiography.
9 (RLIN) 1235907
650 #0 - SUBJECT ADDED ENTRY--TOPICAL TERM
Topical term or geographic name entry element Hinduism
General subdivision Historiography.
9 (RLIN) 1235908
651 ## - SUBJECT ADDED ENTRY--GEOGRAPHIC NAME
Geographic name India
942 ## - ADDED ENTRY ELEMENTS (KOHA)
Source of classification or shelving scheme Colon Classification (CC)
Koha item type Textual
Suppress in OPAC No
Holdings
Withdrawn status Lost status Source of classification or shelving scheme Damaged status Not for loan Home library Current library Date acquired Total Checkouts Date last seen Price effective from Koha item type
    Colon Classification (CC)     Department of History Library Department of History Library 2026-04-28   2026-04-28 2026-04-28 Textual
Copyright @ Delhi University Library System